Random matrices /

Guardado en:
Autor Principal: Mehta, Madan Lal.
Formato: Libro
Idioma:English
Publicado: San Diego : Academic Press, c1991.
Edición:Rev. and enl. 2nd ed.
Materias:
Acceso en línea:Publisher description
Table of contents
Etiquetas: Agregar Etiqueta
Sin Etiquetas, Sea el primero en etiquetar este registro!
LEADER 00951cam a2200253 a 4500
001 MAT.inmabb004272
008 900216s1991####caua#####b####001#0#eng##
005 20130326162249.0
245 1 0 |a Random matrices /  |c Madan Lal Mehta. 
250 |a Rev. and enl. 2nd ed. 
260 |a San Diego :  |b Academic Press,  |c c1991. 
300 |a xviii, 562 p. :  |b il. ;  |c 24 cm. 
504 |a Incluye referencias bibliográficas (p. 545-554) e índices. 
510 4 |a MR,  |c 92f:82002 
020 |a 0124880517 
100 1 |a Mehta, Madan Lal. 
650 0 |a Energy levels (Quantum mechanics)  |x Statistical methods. 
650 0 |a Random matrices. 
084 |a 82-02 (15A52 60B99 60K35 82B41)  |2 msc2000 
010 |a  90000257  
040 |a DLC  |c DLC  |d DLC 
856 4 2 |3 Publisher description  |u http://www.loc.gov/catdir/description/els032/90000257.html 
856 4 1 |3 Table of contents  |u http://www.loc.gov/catdir/toc/els031/90000257.html 
859 |h 82  |i M498  |p A-8024  |b BIB. MATEMATICA